Jesucristo el liberador : ensayo de cristología crítica para nuestro tiempo /

Gardado en:
Detalles Bibliográficos
Autor Principal: Boff, Leonardo (autor)
Formato: Libro
Idioma:Lingua castelá
Publicado: Santander, España : Sal Terrae, 1985
Edición:3a edición
Series:(Presencia Teológica ; 6)
Temas:
Etiquetas: Engadir etiqueta
Sen Etiquetas, Sexa o primeiro en etiquetar este rexistro!

MARC

LEADER 00000nam^a2200000^a^4500
001 000000845
005 20250521000000.0
009 20260310083044.381
020 |a 84-293-0580-7 
037 |a Acervo ITESO - Biblioteca 
041 |a ESP 
082 |a 202.  |b BOF V. 6 
100 |a Boff, Leonardo  |e (autor) 
245 1 0 |a Jesucristo el liberador :  |b ensayo de cristología crítica para nuestro tiempo /  |c L. Boff ; tr. por Jesús García Abril. 
250 |a 3a edición 
264 1 |a Santander, España :  |b Sal Terrae,  |c 1985 
300 |a 277 p. 
336 |a texto  |b txt  |2 rdacontenido 
337 |a sin mediación  |b n  |2 rdamedio 
338 |a volumen  |b nc  |2 rdasoporte 
440 1 |a (Presencia Teológica ;  |v 6) 
649 |a XX 
650 |a Religión 
650 |a Cristianismo 
650 |a Jesucristo 
910 |a Fondo General 
920 |a Impresos - Libros 
930 |a Colección General 
905 |a 101 
901 |a 0008450100  |b IT1  |c ACC  |i 000845  |u 20250521 
902 |a https://opac.biblio.iteso.mx/vufind/Record/000000845